000 00517nam a2200193Ia 4500
005 20250508163906.0
008 008 250505s9999 xx 000 0 eng d
020 _a0 19 8289286
037 _aTextual
040 _aFEDL
_beng
_cFEDL
041 _aeng
_2eng
084 _a330.9, SEN
_qFEDL
100 _aSen Amartya
245 0 _aInequality reexamined
260 _aNew Delhi, India
_bOxford University Press
_c1999
300 _a207p.
942 _cTEXL
_h330.9, SEN
999 _c1385825
_d1385825